000 00668nam a2200229 a 4500
001 4173817
003 SEKU
005 20140816105948.0
008 810622s1977 nyuaf 001 0 eng
010 _a 79056653
020 _a0827319282
040 _aDLC
_cDLC
_dDLC
_dSEKU
_beng
050 0 0 _aT353
_b.S82 1977
100 1 _aStirling, Norman.
245 1 3 _aAn introduction to technical drawing /
_cNorman Stirling.
250 _aMetric ed.
260 _aAlbany, N.Y. :
_bDelmar Publishers,
_cc1977.
300 _a370 p., [2] leaves of plates :
_bill. ;
_c27 cm.
500 _aIncludes index.
650 0 _aMechanical drawing.
942 _2lcc
_cGEN
_hT353.
_i.S82 1977
999 _c1183
_d1183